000 00443 a2200157 4500
005 20250314142632.0
020 _a978-0-75-068555-9
082 _a510.2462 BIR
100 _aBIRD, J.
245 _aEngineering Mathematics
250 _a5th Ed.
260 _aAmsterdam
_bElsevier
_c2007
300 _axiii.576p., graphs, ill., tables
_bIndex
_c27cm.
856 _yAccess Book Online
_fEngineering Mathematics
_dwww.newnespress.com
942 _2ddc
_cBKS
999 _c643
_d643